000 00565nam a22001817a 4500
005 20251108172503.0
008 250721s1990 xx 000 0 ara d
082 1 4 _aم/234.1/بخا
100 1 _aبخاري، أبو عبدالله محمد...
245 1 0 _aموسوعة صحيح البخاري الميسرة /
264 1 _aبيروت :
_bدار الكتاب اللبناني،
_c1990.
300 _a16ج
650 1 7 _aصحيح البخاري
650 1 7 _aالأربعون حديثاً
650 1 7 _aالإسلام
942 _2ddc
_cREF
999 _c80611
_d80611